000 00302nam a22001337a 4500
008 170313b xxu||||| |||| 00| 0 eng d
020 _a0801858666
041 _aeng
080 _a591
100 _a7
101 _aSHM
245 _aTHE VARIANTION OF ANIMALS PLANTS UNDER
_cDARWIN.CH
942 _2udc
_cBK
999 _c7657
_d7657